| 000 | 00519nam a22001937a 4500 | ||
|---|---|---|---|
| 003 | NUST | ||
| 005 | 20220308101047.0 | ||
| 008 | 220308b ||||| |||| 00| 0 eng d | ||
| 020 | _a9780367482886 | ||
| 038 | _aSAIF | ||
| 082 |
_a658.382 _2HUG |
||
| 100 |
_aHughes,Phil _981160 |
||
| 245 |
_aIntroduction to Health and Safety at Work (7th Ed) _cPhil Hughes. |
||
| 250 | _a7th Ed. | ||
| 260 |
_aNew York, _bRoutledge, _c2021. |
||
| 300 |
_axxv, 622p. : _bPaperback, _c30cm |
||
| 563 | _aPaperback | ||
| 942 |
_2ddc _cBK |
||
| 999 |
_c588662 _d588662 |
||